[Event "Oberbayern Bezirksliga 1617"]
[Site "Germany"]
[Date "2017.01.15"]
[Round "4.1"]
[White "Frese, Daniel"]
[Black "Poetsch, Klaus"]
[Result "0-1"]
[WhiteElo "2028"]
[BlackElo "2106"]
[PlyCount "50"]
[EventDate "2016.10.16"]
[EventType "team-tourn"]
[EventRounds "9"]
[EventCountry "GER"]
[SourceTitle "EXT 2019"]
[Source "ChessBase"]
[SourceDate "2018.10.10"]
[SourceVersion "1"]
[SourceVersionDate "2018.10.10"]
[SourceQuality "1"]
[WhiteTeam "Traunstein/Traunreut"]
[BlackTeam "Waldkraiburg"]
[WhiteTeamCountry "GER"]
[BlackTeamCountry "GER"]

1. e4 Nf6 2. e5 Nd5 3. c4 Nb6 4. d4 d6 5. exd6 exd6 6. h3 Be7 7. Nf3 Bf5 8. Nc3 Nc6 9. Be3 0-0 10. Be2 d5 11. c5 Nc4 12. Bxc4 dxc4 13. Qa4 Bd3 14. d5 b5 15. cxb6 Nb4 16. bxc7 Qxc7 17. Nd4 Bc5 18. Rc1 Rae8 19. Kd2 Bxd4 20. Bxd4 Qf4+ 21. Be3 Rxe3 22. fxe3 Qf2+ 23. Kd1 Nxd5 24. Re1 Nxe3+ 25. Rxe3 Qxe3 0-1

[Event "Regionalliga SO 1112"]
[Site "Bayern"]
[Date "2012.04.15"]
[Round "9.1"]
[White "Graf, Christian"]
[Black "Poetsch, Klaus"]
[Result "1/2-1/2"]
[WhiteElo "2058"]
[BlackElo "2093"]
[PlyCount "24"]
[EventDate "2011.10.02"]
[EventType "team-tourn"]
[EventRounds "9"]
[EventCountry "GER"]
[SourceTitle "EXT 2015"]
[Source "ChessBase"]
[SourceDate "2014.11.20"]
[SourceVersion "1"]
[SourceVersionDate "2014.11.20"]
[SourceQuality "1"]
[WhiteTeam "Pang/Rosenheim II"]
[BlackTeam "Waldkraiburg"]
[WhiteTeamCountry "GER"]
[BlackTeamCountry "GER"]

1. e4 d5 2. exd5 Qxd5 3. Nc3 Qa5 4. d4 c6 5. Nf3 Nf6 6. Bc4 Bf5 7. Bd2 Qd8 8. Ne5 e6 9. Bg5 Be7 10. 0-0 0-0 11. Bb3 Nbd7 12. Qe2 h6 1/2-1/2

[Event "Regionalliga SO 1112"]
[Site "Bayern"]
[Date "2012.02.05"]
[Round "6.1"]
[White "Poetsch, Klaus"]
[Black "Pezerovic, Edin"]
[Result "0-1"]
[WhiteElo "2093"]
[BlackElo "2421"]
[PlyCount "74"]
[EventDate "2011.10.02"]
[EventType "team-tourn"]
[EventRounds "9"]
[EventCountry "GER"]
[SourceTitle "EXT 2013"]
[Source "ChessBase"]
[SourceDate "2012.11.22"]
[SourceVersion "1"]
[SourceVersionDate "2012.11.22"]
[SourceQuality "1"]
[WhiteTeam "Waldkraiburg"]
[BlackTeam "Tegernsee"]
[WhiteTeamCountry "GER"]
[BlackTeamCountry "GER"]

1. d4 Nf6 2. Nf3 d5 3. c4 c6 4. Nc3 a6 5. a4 Bf5 6. Nh4 Bg6 7. Nxg6 hxg6 8. Qb3 Ra7 9. g3 e6 10. Bg2 Bd6 11. Bg5 Nbd7 12. e4 dxe4 13. Nxe4 Be7 14. 0-0-0 Nxe4 15. Bxe7 Qxe7 16. Bxe4 0-0 17. f4 Nf6 18. Bf3 b5 19. c5 Qc7 20. Kc2 Rb8 21. a5 Qxa5 22. Bxc6 Qd8 23. Bf3 a5 24. Rd2 a4 25. Qb4 Nd5 26. Bxd5 exd5 27. Rd3 Re7 28. Kb1 Qe8 29. c6 Rc7 30. Re1 Qxc6 31. Rc3 Qd7 32. Rxc7 Qxc7 33. Rc1 Qd7 34. Rc5 Kh7 35. Ka2 Qe7 36. Ka3 Qe2 37. Rxd5 Qf3+ 0-1

[Event "Regionalliga SO 1112"]
[Site "Bayern"]
[Date "2011.11.20"]
[Round "3.1"]
[White "Fogarasi, Tibor"]
[Black "Poetsch, Klaus"]
[Result "1-0"]
[WhiteElo "2367"]
[BlackElo "2093"]
[PlyCount "80"]
[EventDate "2011.10.02"]
[EventType "team-tourn"]
[EventRounds "9"]
[EventCountry "GER"]
[SourceTitle "EXT 2013"]
[Source "ChessBase"]
[SourceDate "2012.11.22"]
[SourceVersion "1"]
[SourceVersionDate "2012.11.22"]
[SourceQuality "1"]
[WhiteTeam "Trostberg"]
[BlackTeam "Waldkraiburg"]
[WhiteTeamCountry "GER"]
[BlackTeamCountry "GER"]

1. e4 c6 2. d4 d5 3. e5 Bf5 4. h4 h6 5. c4 e6 6. Nc3 Ne7 7. a3 Nd7 8. cxd5 cxd5 9. Bd3 a6 10. Nge2 b5 11. Nf4 Bxd3 12. Qxd3 h5 13. a4 b4 14. Nce2 a5 15. Ng3 g6 16. Nh3 Qb6 17. 0-0 Nc6 18. Ne2 Bg7 19. Be3 0-0 20. Nhf4 Ne7 21. Ng3 Rfc8 22. Rfc1 Nf8 23. b3 Rxc1+ 24. Rxc1 Rc8 25. Rxc8 Nxc8 26. Qc2 Ne7 27. Nd3 Nd7 28. Ne2 Nf5 29. Qc8+ Nf8 30. g3 Ne7 31. Qe8 Qc7 32. Nc5 Nc6 33. Nf4 Kh7 34. Nfd3 Nd8 35. Kg2 Nc6 36. f3 Kg8 37. g4 hxg4 38. fxg4 Ne7 39. Kh3 Qa7 40. Bg5 Nf5 1-0

[Event "Regionalliga SO 1011"]
[Site "Bayern"]
[Date "2011.01.16"]
[Round "5.1"]
[White "Krstic, Petar"]
[Black "Poetsch, Klaus"]
[Result "1-0"]
[WhiteElo "2282"]
[BlackElo "2083"]
[PlyCount "75"]
[EventDate "2010.10.10"]
[EventType "team-tourn"]
[EventRounds "9"]
[EventCountry "GER"]
[SourceTitle "EXT 2012"]
[Source "ChessBase"]
[SourceDate "2011.11.24"]
[SourceVersion "1"]
[SourceVersionDate "2011.11.24"]
[SourceQuality "1"]
[WhiteTeam "Deggendorf"]
[BlackTeam "Waldkraiburg"]
[WhiteTeamCountry "GER"]
[BlackTeamCountry "GER"]

1. e4 e6 2. d4 d5 3. Nc3 dxe4 4. Nxe4 Bd7 5. Nf3 Bc6 6. Bd3 Nd7 7. 0-0 Ngf6 8. Qe2 Be7 9. c4 0-0 10. Rd1 Bxe4 11. Bxe4 Nxe4 12. Qxe4 c6 13. Bd2 Re8 14. Bc3 Qc7 15. Rac1 Rac8 16. Rd3 Nf6 17. Qe2 b5 18. Ne5 bxc4 19. Nxc4 Nd5 20. Ba5 Qb7 21. Bd2 c5 22. dxc5 Rxc5 23. Rg3 Qc7 24. Qg4 g6 25. b3 f5 26. Qe2 Bd6 27. Rh3 Bf4 28. Rh4 e5 29. Bxf4 Qe7 30. Be3 Qxh4 31. Bxc5 Qg5 32. Re1 e4 33. Ne3 Nf4 34. Qc4+ Kg7 35. Bd4+ Kh6 36. Qf7 Nxg2 37. Nxg2 f4 38. Qxf4 1-0

[Event "Regionalliga SO 0910"]
[Site "Bayern"]
[Date "2010.03.21"]
[Round "8.1"]
[White "Poetsch, Klaus"]
[Black "Huch, Reiner"]
[Result "0-1"]
[WhiteElo "2083"]
[BlackElo "2276"]
[PlyCount "62"]
[EventDate "2009.10.18"]
[EventType "team-tourn"]
[EventRounds "9"]
[EventCountry "GER"]
[SourceTitle "EXT 2011"]
[Source "ChessBase"]
[SourceDate "2010.11.26"]
[SourceVersion "1"]
[SourceVersionDate "2010.11.26"]
[SourceQuality "1"]
[WhiteTeam "Waldkraiburg"]
[BlackTeam "Trostberg"]
[WhiteTeamCountry "GER"]
[BlackTeamCountry "GER"]

1. d4 d5 2. Nf3 Nf6 3. c4 dxc4 4. e3 Bg4 5. h3 Bh5 6. Nc3 e6 7. g4 Bg6 8. Ne5 Nbd7 9. Nxg6 hxg6 10. Bxc4 c6 11. Qf3 Qb6 12. Bd2 a6 13. 0-0-0 Be7 14. Kb1 Rf8 15. Bc1 Bb4 16. Ne2 0-0-0 17. e4 Kb8 18. Bf4+ Ka8 19. Ng3 Ne8 20. d5 cxd5 21. exd5 e5 22. Be3 Bc5 23. Ne4 Bxe3 24. Qxe3 Nd6 25. Nxd6 Qxd6 26. h4 f5 27. Qg5 fxg4 28. Rc1 Nb6 29. Qe3 Nxd5 30. Bxd5 Qxd5 31. Rc2 Qxh1+ 0-1

[Event "Regionalliga SO 0809"]
[Site "Bayern"]
[Date "2009.01.11"]
[Round "5.2"]
[White "Graf, Christian"]
[Black "Poetsch, Klaus"]
[Result "1/2-1/2"]
[WhiteElo "2032"]
[BlackElo "2140"]
[PlyCount "46"]
[EventDate "2008.10.05"]
[EventType "team-tourn"]
[EventRounds "9"]
[EventCountry "GER"]
[SourceTitle "EXT 2020"]
[Source "ChessBase"]
[SourceDate "2019.10.17"]
[SourceVersion "1"]
[SourceVersionDate "2019.10.17"]
[SourceQuality "1"]
[WhiteTeam "Pang/Rosenheim II"]
[BlackTeam "Waldkraiburg"]
[WhiteTeamCountry "GER"]
[BlackTeamCountry "GER"]

1. e4 e6 2. d4 d5 3. Nd2 Nf6 4. Bd3 c5 5. e5 Nfd7 6. c3 Nc6 7. Ne2 cxd4 8. cxd4 f6 9. exf6 Qxf6 10. Nf3 h6 11. 0-0 Bd6 12. Ng3 0-0 13. Be3 e5 14. dxe5 Ndxe5 15. Nxe5 Bxe5 16. Qb3 Qf7 17. Rac1 Be6 18. Bb1 d4 19. Qd3 Rfd8 20. Bd2 Rac8 21. b3 g5 22. Nf5 Bxf5 23. Qxf5 Rf8 1/2-1/2

[Event "Bayern-chI Bank Hofmann 11th"]
[Site "Bad Wiessee"]
[Date "2007.11.15"]
[Round "7"]
[White "Terekhov, Andrey"]
[Black "Poetsch, Klaus"]
[Result "0-1"]
[WhiteElo "2318"]
[BlackElo "2209"]
[PlyCount "137"]
[EventDate "2007.11.10"]
[EventType "swiss"]
[EventRounds "9"]
[EventCountry "GER"]
[SourceTitle "CBM 121 Extra"]
[Source "ChessBase"]
[SourceDate "2008.01.10"]
[SourceVersion "1"]
[SourceVersionDate "2008.01.10"]
[SourceQuality "1"]

1. d4 d5 2. c4 e6 3. Nc3 c6 4. e3 Nf6 5. Nf3 Nbd7 6. Qc2 Bd6 7. e4 dxe4 8. Nxe4 Be7 9. Bd3 0-0 10. Nxf6+ Nxf6 11. Bd2 a5 12. 0-0-0 b5 13. c5 Ba6 14. Bg5 b4 15. Bxf6 Bxd3 16. Qxd3 Bxf6 17. Qe4 Qd5 18. Qxd5 exd5 19. Rhe1 Rfe8 20. Rxe8+ Rxe8 21. Kd2 g5 22. h3 h5 23. g4 hxg4 24. hxg4 Re4 25. Re1 Rxg4 26. Re8+ Kg7 27. Ke3 Rg2 28. Rc8 g4 29. Ne1 Bxd4+ 30. Kxd4 Rxf2 31. Ke3 g3 32. Rxc6 Rxb2 33. Ra6 Rxa2 34. c6 g2 35. Nxg2 Rxg2 36. Rxa5 Rc2 37. Ra6 b3 38. Kd4 b2 39. Rb6 Rxc6 40. Rxb2 Rd6 41. Ke5 Rd7 42. Rg2+ Kf8 43. Kd4 f6 44. Rg1 Rg7 45. Rf1 Rg4+ 46. Kxd5 Kf7 47. Re1 Kg6 48. Rf1 Kg5 49. Ke6 Re4+ 50. Kd5 f5 51. Rg1+ Kf6 52. Rf1 Ra4 53. Re1 f4 54. Re4 Ra5+ 55. Kd4 Kf5 56. Re8 Ra3 57. Rf8+ Kg4 58. Ke4 f3 59. Rg8+ Kh3 60. Rh8+ Kg2 61. Rg8+ Kf1 62. Kd4 f2 63. Rg7 Ra8 64. Ke3 Re8+ 65. Kd2 Rd8+ 66. Kc1 Rd4 67. Kc2 Ke2 68. Re7+ Kf3 69. Rf7+ 0-1